|
|
|
|
| LEADER |
00000nab a2200000 a 4500 |
| 001 |
vtls000287958 |
| 003 |
SK-MaSNL |
| 005 |
20260302220150.0 |
| 008 |
160202c1987 xo 0 slo |
| 015 |
|
|
|a SNBRB19rr/mm-uuuuu
|
| 035 |
|
|
|a CL0298076
|
| 040 |
|
|
|a SNKBUCL
|b slo
|c SNKBUCL
|e AACR2
|
| 041 |
0 |
|
|a slo
|
| 044 |
|
|
|a xo
|c SK
|
| 080 |
|
|
|a 82:929:885.0
|2 1981
|
| 080 |
|
|
|a 929
|2 1981
|
| 080 |
|
|
|a 885.0
|2 1981
|
| 080 |
|
|
|a 929 Hrabák, Josef
|2 1981
|
| 100 |
1 |
|
|a Tomčík, Miloš,
|d 1922-2009
|4 aut
|9 131365
|
| 245 |
1 |
0 |
|a Uzavrelo sa dielo J. Hrabáka
|c Miloš Tomčík
|
| 600 |
1 |
7 |
|a Hrabák, Josef,
|d 1912-1987
|2 snkbucl
|9 198301
|
| 655 |
|
7 |
|a články z novín a časopisov
|2 snkbucl
|9 267496
|
| 655 |
|
7 |
|a články z odboru literárna veda a krásna literatúra
|2 snkbucl
|9 770045
|
| 773 |
0 |
|
|t Nové slovo
|g Roč. 29, č. 33 (1987)
|
| 850 |
|
|
|a Slovenská národná knižnica v Martine
|a MTA001
|
| 852 |
|
|
|a SNK
|b KIS3GCP
|
| 958 |
|
|
|a RK
|
| 958 |
|
|
|a CZ
|
| 958 |
|
|
|a LX
|
| 992 |
|
|
|a RBX
|
| 999 |
|
|
|c 1505813
|d 1507743
|